Matemáticas viva 1: Educación Matemática. Educación Básica Primer Ciclo, NB1
Saved in:
| Main Authors: | , , , |
|---|---|
| Format: | Book |
| Language: | Spanish |
| Published: |
Barcelona
Vicens Vives
1999
|
| Edition: | 1a. ed |
| Subjects: | |
| Tags: |
Add Tag
No Tags, Be the first to tag this record!
|
MARC
| LEADER | 00000nam a2200000 a 4500 | ||
|---|---|---|---|
| 001 | UCL7288 | ||
| 003 | CL-VaPUC | ||
| 008 | 040514e19990000SP |||||||||||||||||spa|d | ||
| 020 | |a 843164334X | ||
| 082 | 0 | 4 | |a 372.7 |b FRA |2 21 |
| 100 | 0 | |a Fraile, Javier |e author |9 485186 | |
| 700 | |a Gómez, Carmen |e author |9 542701 | ||
| 700 | 0 | |a Viera, Ana |e author |9 485188 | |
| 700 | 0 | |a Pérez, Susanne |e author |9 485189 | |
| 245 | 1 | 0 | |a Matemáticas viva 1: Educación Matemática. Educación Básica Primer Ciclo, NB1 |
| 250 | |a 1a. ed | ||
| 300 | |a 178 p | ||
| 942 | |c BK | ||
| 945 | |d 20040514 00:00:00 |a cmena | ||
| 260 | |a Barcelona |b Vicens Vives |c 1999 | ||
| 650 | 0 | |a Matemática |9 260235 | |
| 650 | 0 | |a Educación básica |9 224933 | |
| 583 | |a last modification |c 20040514 00:00:00 |k Rodrigo Vera | ||
| 999 | |c 309133 |d 309131 | ||
| 952 | |0 0 |1 0 |2 ddc |4 0 |6 372_700000000000000_FRA_1999 |7 0 |8 A |9 376472 |a BIBMAT |b BIBMAT |c E_DIDACT |d 2019-11-21 |i 401538K |o 372.7 FRA 1999 |p 401538K |r 2025-01-07 |w 2019-11-21 |y BK |k MAT | ||